Mobile Entrepreneurs (Record no. 64140)
[ view plain ]
| 000 -LEADER | |
|---|---|
| fixed length control field | 01446nam a2200241Ii 4500 |
| 008 - FIXED-LENGTH DATA ELEMENTS--GENERAL INFORMATION | |
| fixed length control field | 221202s xx 000 0 und d |
| 100 1# - MAIN ENTRY--PERSONAL NAME | |
| Personal name | Sontag, Katrin, |
| Relator term | author |
| 245 #0 - TITLE STATEMENT | |
| Title | Mobile Entrepreneurs |
| 246 ## - VARYING FORM OF TITLE | |
| Title proper/short title | An Ethnographic Study of the Migration of the Highly Skilled |
| 264 ## - PRODUCTION, PUBLICATION, DISTRIBUTION, MANUFACTURE, AND COPYRIGHT NOTICE | |
| Name of producer, publisher, distributor, manufacturer | Verlag Barbara Budrich |
| Date of production, publication, distribution, manufacture, or copyright notice | 2018 |
| 300 ## - PHYSICAL DESCRIPTION | |
| Extent | 1 online resource (171 pages) |
| 336 ## - CONTENT TYPE | |
| Content type term | text |
| Content type code | txt |
| Source | rdacontent |
| 337 ## - MEDIA TYPE | |
| Media type term | computer |
| Media type code | c |
| Source | rdamedia |
| 338 ## - CARRIER TYPE | |
| Carrier type term | online resource |
| Carrier type code | cr |
| Source | rdacarrier |
| 520 ## - SUMMARY, ETC. | |
| Summary, etc. | Migration, mobility, and globalization are transforming ways of working and living. Business activities, relationships and a sense of belonging are often not tied to any one place. This book explores biographies of highly mobile startup founders who often run startups that have been called „born global“. It describes how they move, how they orientate and perceive themselves, and how migration and mobility play a role beyond the physical act of ‘moving’. Presenting current ethnographic research, the book critically discusses approaches in migration and mobility studies and the research field of the „migration of the highly skilled“. |
| 653 ## - INDEX TERM--UNCONTROLLED | |
| Uncontrolled term | Anthropology |
| 653 ## - INDEX TERM--UNCONTROLLED | |
| Uncontrolled term | Entrepreneurship |
| 653 ## - INDEX TERM--UNCONTROLLED | |
| Uncontrolled term | Ethnography |
| 653 ## - INDEX TERM--UNCONTROLLED | |
| Uncontrolled term | Migration |
| 653 ## - INDEX TERM--UNCONTROLLED | |
| Uncontrolled term | Mobility |
| 856 ## - ELECTRONIC LOCATION AND ACCESS | |
| Uniform Resource Identifier | <a href="https://library.oapen.org/bitstream/20.500.12657/29443/1/9783863883607.pdfhttp://library.oapen.org/handle/20.500.12657/29443">https://library.oapen.org/bitstream/20.500.12657/29443/1/9783863883607.pdfhttp://library.oapen.org/handle/20.500.12657/29443</a> |
| 942 ## - ADDED ENTRY ELEMENTS (KOHA) | |
| Koha item type | E-Book |
| Withdrawn status | Damaged status | Not for loan | Home library | Current library | Date acquired | Total Checkouts | Date last seen | Price effective from | Koha item type |
|---|---|---|---|---|---|---|---|---|---|
| Directory of Open Access Books | Directory of Open Access Books | 11/28/2022 | 11/28/2022 | 11/28/2022 | E-Book |